| 000 | 00791nam a2200217Ia 4500 | ||
|---|---|---|---|
| 999 |
_c39340 _d39340 |
||
| 001 | 5926 | ||
| 003 | GE_BSU | ||
| 005 | 20190823122658.0 | ||
| 008 | 181216s1963||||ge |||||||||||||| ||geo|| | ||
| 040 | _cGE_BSU | ||
| 041 | _ageo | ||
| 080 | _a821.353.1-1 ა-13 | ||
| 100 |
_aაბაშიძე, ირაკლი _93740 |
||
| 245 |
_aლირიკა : _bლექსები / _cირაკლი აბაშიძე ; რედ. ვ. ჯავახაძე. |
||
| 264 |
_aთბილისი : _bსაბჭოთა საქართველო ; _c1963. |
||
| 300 |
_a169 გვ. ; _c16 სმ. |
||
| 653 | _aლირიკა | ||
| 653 | _aლექსები | ||
| 700 |
_aჯავახაძე, ვ. _eრედაქტორი _93758 |
||
| 942 |
_cBK _2udc |
||